000 00605cab a2200181 4500
001 l136519
008 070205n2007 000 0 eng u
035 _a(Sirsi) u136519
041 0 _aeng
245 0 0 _aEuropean transaction volumes up 50%
260 _c2007
490 0 0 _aEstates Gazette
_v(0704) 27 January 2007, 57(1)
520 _aLooks at the results of a report on global commercial property investment highlighting an increase in the markets of Europe and Asia.
590 _aKA
651 4 _aInternational
690 _aPROPERTY-COMMERCIAL PROPERTY-COMMERCIAL PROPERTY MARKET
942 _n0
999 _c78328
_d78328